00356nam a2200145Ia 4500008004100000020001600041041001200057082001600069100001700085245005100102250000800153260002500161300000800186650001600194221030s9999 xx 000 0 und d a00746040007 aEnglish a105.23bBar aT. C. Bartee 0aDigital Computer fundamentalscby T. C. Bartee a6th bTMHaNew Delhic2000 a610 aBE Computer